00502nam a2200181 a 4500001001300000003000900013005001700022008004100039020002200080082001700102100001600119245006300135260003600198300000900234500003500243505001000278650003200288nice12345678IN_TiNIC20260116015047.0050524s1995 muma grp 000 0 eng  a8172241 c6500a645.845bTAY aTaylor, H M aRight Way to Conduct Meetings, Conferences and Discussions aMumbai bJaico Pub.House c1995 a124p aincludes index and biblioraphy2 aIndex aCommunication in Management